000
00316nam a22001337a 4500
008
181015b xxu||||| |||| 00| 0 eng d
020
_a
0023156503
041
_a
eng
080
_a
336
100
_a
57
101
_a
FIN
245
_a
Public Finanace And The Price System
_c
Browning.E.K
942
_2
udc
_c
BK
999
_c
49695
_d
49695